000 00618nam a2200241 a 4500
003 AR-BaBNM
005 20251128210556.0
008 082120s2002 ||||||||||||||000 | spa||
020 _a84-7844-148-4
040 _cAR-BaBNM
100 1 _aMutis, Alvaro
245 0 0 _aEmpresas y tribulaciones de Maqroll el Gaviero
_n1
260 _aMadrid
_bEdiciones Siruela
_c1993
300 _a308 p.
650 4 _aANTOLOGIAS
650 4 _aLITERATURA CONTEMPORANEA
653 _aLITERATURA COLOMBIANA
653 _aNARRATIVA
653 _aLITERATURA DE VIAJES
655 _aLITERATURA
942 _cBK
998 _cMARTIN
999 _c16008
_d16008